Texto de filosofía : nociones de ciencias sociales /

محفوظ في:
التفاصيل البيبلوغرافية
المؤلف الرئيسي: Domínguez, Dionisio (autor)
التنسيق: كتاب
اللغة:الإسبانية
الطبعة:2a edición
سلاسل:(Bibliotheca Comillensis. Serie Filosófica)
الموضوعات:
الوسوم: إضافة وسم
لا توجد وسوم, كن أول من يضع وسما على هذه التسجيلة!

MARC

LEADER 00000nam^a2200000^a^4500
001 000387109
005 20250521000000.0
009 20260310121017.378
037 |a Acervo Xavier Clavigero 
041 |a ESP 
082 |a 101.  |b DOM V. 4 
100 |a Domínguez, Dionisio  |e (autor) 
245 1 0 |a Texto de filosofía :  |b nociones de ciencias sociales /  |c D. Domínguez. 
250 |a 2a edición 
264 |a Santander, España :  |b Sal Terrae,  |c 1941 
300 |a 164 p. 
336 |a texto  |b txt  |2 rdacontenido 
337 |a sin mediación  |b n  |2 rdamedio 
338 |a volumen  |b nc  |2 rdasoporte 
440 1 |a (Bibliotheca Comillensis.  |p Serie Filosófica) 
561 |a Ex libris de Instituto de Literatura Puente Grande, Jal. 
561 |a Ex libris de Bibl. Iunioratus Dom. Prob. S. Ioseph 
561 |a Ex libris de Bibl. Phil. Prov. Mex. S.L. 
562 |a Falta cubierta 
649 |a XX 
650 |a Dinero -  |x Filosofía 
650 |a Crédito 
650 |a Constitución 
650 |a Familia 
650 |a Sociedad -  |x Filosofía 
650 |a Estado, El -  |x Filosofía 
650 |a Consumo -  |x Filosofía 
650 |a Proceso de Producción 
650 |a Propiedad Privada 
650 |a Trabajo -  |x Filosofía 
650 |a Relaciones Internacionales -  |x Filosofía 
650 |a Distribución Económica -  |x Filosofía 
650 |a Desarrollo Económico-Social -  |x Filosofía 
650 |a Economía -  |x Filosofía 
650 |a Derecho de Crédito o de las Obligaciones 
650 |a Derecho -  |x Filosofía 
650 |a Filosofía -  |x Teoría -  |x Tema Principal 
650 |a Ciencias Sociales 
910 |a Fondo General 
920 |a Impresos - Libros 
930 |a Colección General 
905 |a 101 
901 |a 031351  |b IT1  |c ACC  |u 20250521 
902 |a https://opac.biblio.iteso.mx/vufind/Record/000387109